00430nam a2200169Ia 4500008004100000020001800041041000800059082001600067100001300083245005500096250001100151260003800162300000900200500001900209650001900228700001300247230125s9999 xx 000 0 und d a0-07-463939-0 aeng a153.94bTHO aThorpe E aCourse in Mental Ability and Quantitative Aptitude a2nd ed c2006bTata McGraw HillaNew Delhi a435p aAptitude Tests aAptitude tests aThorpe E